|
|
|
|
| LEADER |
00000nam a2200000 a 4500 |
| 001 |
vtls001260815 |
| 003 |
SK-MaSNL |
| 005 |
20260302065411.0 |
| 008 |
240314s1959 xo 0 slo |
| 035 |
|
|
|a SNK000211669
|
| 040 |
|
|
|a SNK
|b slo
|c SNK
|e AACR2
|
| 041 |
1 |
|
|a slo
|h rus
|
| 044 |
|
|
|a xo
|c SK
|
| 080 |
|
|
|a 821.161.1-31=162.4
|2 2001
|
| 100 |
1 |
|
|a Beljajev, Aleksandr Romanovič,
|d 1884-1942
|4 aut
|9 218863
|
| 245 |
1 |
0 |
|a Vládca sveta
|c Alexander Beľajev ; prel. Benjamín Mikloš ; ilustr. Teodor Rotrekl
|
| 246 |
1 |
0 |
|a Vlastelin mira
|
| 260 |
|
|
|a Bratislava
|b Mladé letá
|c 1959
|
| 300 |
|
|
|a 251, [4] s.
|c 8°
|
| 490 |
0 |
|
|a Knižky do vrecka
|
| 655 |
|
7 |
|a ruské romány
|2 SNKPH
|9 70514
|
| 700 |
1 |
|
|a Mikloš, Benjamín
|c (prekladateľ)
|4 trl
|9 185830
|
| 700 |
1 |
|
|a Rotrekl, Teodor,
|d 1923-2004
|4 ill
|9 42191
|
| 852 |
|
|
|a Štátna vedecká knižnica v Banskej Bystrici
|
| 999 |
|
|
|c 1141721
|d 1143651
|
| 952 |
|
|
|a SNK
|b SNK
|y PREZ
|7 0
|p 17A0629358
|o snkSD 17964
|i snkKSP 3915/59
|0 0
|1 0
|4 0
|d 1996-06-04
|l 0
|r 2025-12-02 00:00:00
|w 2026-02-24
|
| 952 |
|
|
|t P60, <04>, [BOOK], {604}
|a SNK
|b SNK
|y VYP
|7 0
|o snkSD 17964 D1
|0 0
|1 0
|4 0
|d 1996-06-04
|l 0
|r 2005-01-01 00:00:00
|w 2026-02-24
|